[Event "Bundesliga 9596"]
[Site "Deutschland"]
[Date "1996.??.??"]
[Round "?.3"]
[White "Blatny, Pavel"]
[Black "Schebler, Gerhard"]
[Result "1/2-1/2"]
[WhiteElo "2515"]
[BlackElo "2420"]
[PlyCount "175"]
[EventDate "1995.10.??"]
[EventType "team"]
[EventRounds "15"]
[EventCountry "GER"]
[SourceTitle "Bundesliga 9596"]
[Source "DeepChess"]
[SourceDate "2005.01.01"]
[SourceVersion "1"]
[SourceVersionDate "2005.01.01"]
[SourceQuality "1"]
[WhiteTeam "SAbt SV Werder Bremen"]
[BlackTeam "PSV/BSV Wuppertal 1921 e.V."]
[WhiteTeamCountry "GER"]
[BlackTeamCountry "GER"]

1. Nf3 Nf6 2. d4 g6 3. Nbd2 d5 4. e3 Bg7 5. b3 c5 6. Bb2 cxd4 7. exd4 Nc6 8.
Bd3 Nb4 9. Bb5+ Bd7 10. Bxd7+ Qxd7 11. a3 Nc6 12. O-O Ne4 13. Nxe4 dxe4 14. Ne5
Nxe5 15. dxe5 Qc6 16. Qe2 Rc8 17. c4 Rd8 18. b4 f5 19. exf6 Bxf6 20. Rae1 Bxb2
21. Qxb2 O-O 22. Qe5 Qxc4 23. Rxe4 Qc6 24. h4 Rd7 25. Rfe1 a6 26. Qg3 Qd6 27.
Qb3+ Rf7 28. Qh3 Rc7 29. h5 Qf6 30. Qg3 Rc3 31. f3 Qb6+ 32. Kh1 Qd6 33. Qh3 Qd2
34. Qh2 Rc1 35. Qb8+ Kg7 36. Qe5+ Kg8 37. Rxc1 Qxc1+ 38. Kh2 Qc6 39. Rg4 b5 40.
Qb8+ Kg7 41. Qe5+ Qf6 42. Qe3 Qd6+ 43. Kg1 Qd1+ 44. Kf2 Qc2+ 45. Kg3 Qc7+ 46.
Kh3 Rf5 47. Rg5 Rxg5 48. Qxg5 Qd6 49. hxg6 hxg6 50. Qe3 e5 51. Qe4 Kf6 52. Kg3
Qd2 53. f4 Qc3+ 54. Kg4 Qc8+ 55. Kg3 Qc3+ 56. Kh4 exf4 57. Qxf4+ Kg7 58. Kg5
Qc6 59. Qe5+ Kf7 60. Qf4+ Kg7 61. Qd4+ Kf7 62. Qf2+ Kg7 63. Qa7+ Kf8 64. g4 Qe6
65. Qf2+ Kg7 66. Qd4+ Kh7 67. Qa7+ Kg8 68. Qc5 Kg7 69. Qc3+ Kf7 70. Qf3+ Kg7
71. Qc3+ Kf7 72. Qc7+ Kf8 73. Qb7 Kg8 74. Kh6 Qe3+ 75. Kxg6 Qe6+ 76. Kh5 Qe8+
77. Kh4 Qe1+ 78. Kh3 Qe3+ 79. Kg2 Qxa3 80. Qe7 Qc3 81. g5 Qd3 82. Qe6+ Kg7 83.
Qf6+ Kg8 84. g6 Qe4+ 85. Kg3 Qe1+ 86. Kg4 Qxb4+ 87. Kg5 Qc5+ 88. Kg4 1/2-1/2

[Event "Bundesliga 9596"]
[Site "Deutschland"]
[Date "1996.??.??"]
[Round "?.4"]
[White "Hausrath, Daniel"]
[Black "Knaak, Rainer"]
[Result "0-1"]
[WhiteElo "2390"]
[BlackElo "2540"]
[PlyCount "154"]
[EventDate "1995.10.??"]
[EventType "team"]
[EventRounds "15"]
[EventCountry "GER"]
[SourceTitle "Bundesliga 9596"]
[Source "DeepChess"]
[SourceDate "2005.01.01"]
[SourceVersion "1"]
[SourceVersionDate "2005.01.01"]
[SourceQuality "1"]
[WhiteTeam "PSV/BSV Wuppertal 1921 e.V."]
[BlackTeam "SAbt SV Werder Bremen"]
[WhiteTeamCountry "GER"]
[BlackTeamCountry "GER"]

1. d4 e6 2. c4 d5 3. Nc3 c6 4. e3 Nd7 5. Qc2 Ngf6 6. Nf3 Bd6 7. Bd2 O-O 8. h3
e5 9. cxd5 Nxd5 10. Nxd5 cxd5 11. dxe5 Nxe5 12. Nxe5 Bxe5 13. Bd3 Qh4 14. Bc3
d4 15. exd4 Bxd4 16. O-O Bxc3 17. Qxc3 Be6 18. Rfe1 Rac8 19. Qe5 Rfd8 20. Re4
Qh6 21. Re3 b6 22. b4 g6 23. a3 Qg7 24. Qxg7+ Kxg7 25. Rae1 Rd4 26. Be4 Kf6 27.
g4 Rd2 28. Kg2 Ke7 29. Kg3 Kd6 30. f3 Rc7 31. h4 Bc8 32. g5 Be6 33. h5 gxh5 34.
Bxh7 h4+ 35. Kf4 Rc4+ 36. Be4 Rg2 37. R3e2 Rxe2 38. Rxe2 Rc3 39. Rd2+ Ke7 40.
a4 Ra3 41. Ke5 Bd7 42. f4 Re3 43. Rc2 h3 44. f5 Bxa4 45. f6+ Ke8 46. Rc4 Bb5
47. Rc8+ Kd7 48. g6 h2 49. Rh8 fxg6 50. f7 h1=Q 51. f8=N+ Ke8 52. Rxh1 Rxe4+
53. Kxe4 Bc6+ 54. Kd4 Bxh1 55. Nxg6 Kd7 56. Kc4 Bg2 57. Nf4 Bf1+ 58. Kd4 Kd6
59. Nd5 Bg2 60. Nc3 Kc6 61. Kc4 Bf1+ 62. Kb3 Kd6 63. Nd1 Ke5 64. Ne3 Bd3 65.
Kc3 Ke4 66. Nd1 Be2 67. Nb2 b5 68. Kd2 Kf3 69. Kc2 Ke3 70. Kc3 a6 71. Kc2 Kd4
72. Kd2 Bh5 73. Kc2 Bf7 74. Kd2 Bg6 75. Nd1 Kc4 76. Ne3+ Kxb4 77. Nd5+ Ka3 0-1

[Event "Bundesliga 9596"]
[Site "Deutschland"]
[Date "1996.??.??"]
[Round "?.5"]
[White "Heissler, Jakob"]
[Black "Kern, Guido"]
[Result "1/2-1/2"]
[WhiteElo "2450"]
[BlackElo "2365"]
[PlyCount "52"]
[EventDate "1995.10.??"]
[EventType "team"]
[EventRounds "15"]
[EventCountry "GER"]
[SourceTitle "Bundesliga 9596"]
[Source "DeepChess"]
[SourceDate "2005.01.01"]
[SourceVersion "1"]
[SourceVersionDate "2005.01.01"]
[SourceQuality "1"]
[WhiteTeam "SAbt SV Werder Bremen"]
[BlackTeam "PSV/BSV Wuppertal 1921 e.V."]
[WhiteTeamCountry "GER"]
[BlackTeamCountry "GER"]

1. e4 c5 2. Nf3 Nc6 3. d4 cxd4 4. Nxd4 Nf6 5. Nc3 e5 6. Ndb5 d6 7. Bg5 a6 8.
Na3 Be6 9. Nc4 Rc8 10. Bxf6 Qxf6 11. Nb6 Rb8 12. Ncd5 Qd8 13. c3 Be7 14. Bc4
O-O 15. O-O Bg5 16. a4 Kh8 17. Qe2 g6 18. Kh1 Re8 19. Rae1 Bh6 20. Bd3 Bg7 21.
Bc2 Ne7 22. Rd1 Nxd5 23. Nxd5 Rc8 24. Bb3 f5 25. exf5 gxf5 26. Bc2 Rc5 1/2-1/2

[Event "Bundesliga 9596"]
[Site "Deutschland"]
[Date "1996.??.??"]
[Round "?.6"]
[White "Fischdick, Gisela"]
[Black "Meins, Gerlef"]
[Result "1/2-1/2"]
[WhiteElo "2300"]
[BlackElo "2445"]
[PlyCount "108"]
[EventDate "1995.10.??"]
[EventType "team"]
[EventRounds "15"]
[EventCountry "GER"]
[SourceTitle "Bundesliga 9596"]
[Source "DeepChess"]
[SourceDate "2005.01.01"]
[SourceVersion "1"]
[SourceVersionDate "2005.01.01"]
[SourceQuality "1"]
[WhiteTeam "PSV/BSV Wuppertal 1921 e.V."]
[BlackTeam "SAbt SV Werder Bremen"]
[WhiteTeamCountry "GER"]
[BlackTeamCountry "GER"]

1. d4 d5 2. Bg5 h6 3. Bh4 c6 4. e3 Qb6 5. Qc1 Bf5 6. Nf3 Nd7 7. Nbd2 e6 8. c4
a5 9. Be2 Ngf6 10. O-O Be7 11. b3 Qd8 12. a3 O-O 13. Qb2 Ne4 14. Bxe7 Qxe7 15.
Rfd1 Rfe8 16. Rac1 Bg4 17. c5 Nxd2 18. Qxd2 e5 19. Nxe5 Nxe5 20. dxe5 Bxe2 21.
Qxe2 Qxe5 22. Qc2 Re6 23. Rd4 Qc7 24. Qc3 Qe7 25. g3 Re4 26. Rxe4 Qxe4 27. Rd1
a4 28. b4 Re8 29. Qd3 Qxd3 30. Rxd3 Re4 31. Kf1 f5 32. h4 Rc4 33. Ke2 Kf7 34.
Kd2 Kg6 35. Rc3 Re4 36. Kd3 Rg4 37. Rc2 Kf6 38. Rc1 Ke5 39. Rc2 g5 40. hxg5
hxg5 41. Rc1 d4 42. Rh1 dxe3 43. Kxe3 Re4+ 44. Kd3 Rd4+ 45. Kc3 Rd7 46. Re1+
Kf6 47. Re8 f4 48. gxf4 gxf4 49. f3 Rd1 50. Rf8+ Ke5 51. Re8+ Kf5 52. Rf8+ Ke5
53. Re8+ Kf5 54. Rf8+ Ke5 1/2-1/2

[Event "Bundesliga 9596"]
[Site "Deutschland"]
[Date "1995.??.??"]
[Round "?.1"]
[White "Pribyl, Martin"]
[Black "Emms, John M"]
[Result "1/2-1/2"]
[WhiteElo "2390"]
[BlackElo "2485"]
[PlyCount "58"]
[EventDate "1995.10.??"]
[EventType "team"]
[EventRounds "15"]
[EventCountry "GER"]
[SourceTitle "Bundesliga 9596"]
[Source "DeepChess"]
[SourceDate "2005.01.01"]
[SourceVersion "1"]
[SourceVersionDate "2005.01.01"]
[SourceQuality "1"]
[WhiteTeam "SC 1868 Bamberg e.V."]
[BlackTeam "PSV/BSV Wuppertal 1921 e.V."]
[WhiteTeamCountry "GER"]
[BlackTeamCountry "GER"]

1. d4 Nf6 2. c4 e6 3. Nc3 Bb4 4. Qc2 O-O 5. a3 Bxc3+ 6. Qxc3 b6 7. Bg5 Bb7 8.
f3 d6 9. e3 Nbd7 10. Bd3 c5 11. Ne2 Rc8 12. Qd2 h6 13. Bh4 Ba6 14. Rc1 cxd4 15.
exd4 d5 16. cxd5 Bxd3 17. Rxc8 Qxc8 18. dxe6 Qc4 19. exd7 Nxd7 20. b3 Qxb3 21.
Nc1 Qe6+ 22. Kf2 Ba6 23. Re1 Qg6 24. Na2 Rc8 25. Nc3 Qd6 26. Kg1 Bb7 27. Bg3
Qc6 28. Ne4 Qc2 29. Qf4 Bxe4 1/2-1/2

[Event "Bundesliga 9596"]
[Site "Deutschland"]
[Date "1995.??.??"]
[Round "?.2"]
[White "Conquest, Stuart"]
[Black "Pribyl, Josef"]
[Result "1-0"]
[WhiteElo "2455"]
[BlackElo "2405"]
[PlyCount "81"]
[EventDate "1995.10.??"]
[EventType "team"]
[EventRounds "15"]
[EventCountry "GER"]
[SourceTitle "Bundesliga 9596"]
[Source "DeepChess"]
[SourceDate "2005.01.01"]
[SourceVersion "1"]
[SourceVersionDate "2005.01.01"]
[SourceQuality "1"]
[WhiteTeam "PSV/BSV Wuppertal 1921 e.V."]
[BlackTeam "SC 1868 Bamberg e.V."]
[WhiteTeamCountry "GER"]
[BlackTeamCountry "GER"]

1. c4 e5 2. g3 Nc6 3. Bg2 g6 4. Nc3 Bg7 5. e3 d6 6. Nge2 h5 7. d4 h4 8. d5 Nce7
9. e4 Nf6 10. Bg5 Nh5 11. Qd2 f6 12. Be3 g5 13. f3 Ng6 14. O-O-O b6 15. Kb1 a5
16. Rhe1 Bh6 17. Ka1 Bd7 18. Rc1 Qe7 19. Nd1 Qg7 20. Rg1 Ke7 21. Nf2 Nhf4 22.
gxf4 gxf4 23. Bd4 exd4 24. Bh3 Qf7 25. Nxd4 Ne5 26. Be6 Bxe6 27. dxe6 Qh5 28.
Nf5+ Kxe6 29. Rg7 Bxg7 30. Nxg7+ Ke7 31. Nxh5 Rxh5 32. Qxf4 Rg8 33. Ng4 Rg6 34.
Rd1 Nxc4 35. Rc1 Rc5 36. b3 Ne5 37. Rxc5 bxc5 38. Nxe5 dxe5 39. Qxh4 Rg2 40.
Qh7+ Kd6 41. Qf7 1-0

[Event "Bundesliga 9596"]
[Site "Deutschland"]
[Date "1995.??.??"]
[Round "?.3"]
[White "Kurz, Alexander"]
[Black "Schebler, Gerhard"]
[Result "0-1"]
[WhiteElo "2350"]
[BlackElo "2350"]
[PlyCount "76"]
[EventDate "1995.10.??"]
[EventType "team"]
[EventRounds "15"]
[EventCountry "GER"]
[SourceTitle "Bundesliga 9596"]
[Source "DeepChess"]
[SourceDate "2005.01.01"]
[SourceVersion "1"]
[SourceVersionDate "2005.01.01"]
[SourceQuality "1"]
[WhiteTeam "SC 1868 Bamberg e.V."]
[BlackTeam "PSV/BSV Wuppertal 1921 e.V."]
[WhiteTeamCountry "GER"]
[BlackTeamCountry "GER"]

1. e4 e6 2. d4 d5 3. Nc3 Nc6 4. Nf3 Nf6 5. e5 Ne4 6. Bd3 Bb4 7. O-O Nxc3 8.
bxc3 Bxc3 9. Rb1 a5 10. Bg5 Qd7 11. Bb5 Bb4 12. Ne1 Be7 13. Qg4 Bxg5 14. Qxg5
Rg8 15. c4 dxc4 16. Nc2 h6 17. Qg4 Kf8 18. Rfd1 Qe8 19. Ne3 Bd7 20. Qe4 f5 21.
exf6 gxf6 22. Bxc4 Rb8 23. Qf4 Kg7 24. d5 e5 25. Qg3+ Kh7 26. Qh4 Nd4 27. Qxf6
Rg6 28. Qh4 Nf3+ 29. Kh1 Nxh4 30. Bd3 e4 31. Be2 Qe5 32. Nc4 Qg5 33. g3 Nf3 34.
d6 c6 35. Rb3 a4 36. Re3 Re8 37. Nb6 Qf5 38. Nxd7 Qxd7 0-1

[Event "Bundesliga 9596"]
[Site "Deutschland"]
[Date "1995.??.??"]
[Round "?.4"]
[White "Hausrath, Daniel"]
[Black "Huemmer, Bernd"]
[Result "1-0"]
[WhiteElo "2370"]
[BlackElo "2280"]
[PlyCount "55"]
[EventDate "1995.10.??"]
[EventType "team"]
[EventRounds "15"]
[EventCountry "GER"]
[SourceTitle "Bundesliga 9596"]
[Source "DeepChess"]
[SourceDate "2005.01.01"]
[SourceVersion "1"]
[SourceVersionDate "2005.01.01"]
[SourceQuality "1"]
[WhiteTeam "PSV/BSV Wuppertal 1921 e.V."]
[BlackTeam "SC 1868 Bamberg e.V."]
[WhiteTeamCountry "GER"]
[BlackTeamCountry "GER"]

1. d4 Nf6 2. c4 d6 3. Nc3 e5 4. Nf3 Nbd7 5. Bg5 Be7 6. e3 c6 7. Be2 O-O 8. O-O
Ng4 9. Bxe7 Qxe7 10. h3 Nh6 11. b4 Nf5 12. b5 e4 13. Nd2 Nf6 14. bxc6 bxc6 15.
Qc2 Re8 16. Rfb1 h5 17. Rb2 Nh4 18. Rab1 Qe6 19. Bf1 Qf5 20. Rb8 Rxb8 21. Rxb8
g5 22. Ncxe4 Kg7 23. Bd3 Nxg2 24. Nxd6 Qxh3 25. Nxe8+ Nxe8 26. Bf1 Qg4 27. Bxg2
h4 28. Qe4 1-0

[Event "Bundesliga 9596"]
[Site "Deutschland"]
[Date "1995.??.??"]
[Round "?.5"]
[White "Loew, Gerald"]
[Black "Schiffer, Kai Uwe"]
[Result "0-1"]
[WhiteElo "2285"]
[BlackElo "2325"]
[PlyCount "88"]
[EventDate "1995.10.??"]
[EventType "team"]
[EventRounds "15"]
[EventCountry "GER"]
[SourceTitle "Bundesliga 9596"]
[Source "DeepChess"]
[SourceDate "2005.01.01"]
[SourceVersion "1"]
[SourceVersionDate "2005.01.01"]
[SourceQuality "1"]
[WhiteTeam "SC 1868 Bamberg e.V."]
[BlackTeam "PSV/BSV Wuppertal 1921 e.V."]
[WhiteTeamCountry "GER"]
[BlackTeamCountry "GER"]

1. e4 e6 2. d4 d5 3. Nd2 Nf6 4. e5 Nfd7 5. Bd3 c5 6. c3 Nc6 7. Ngf3 cxd4 8.
cxd4 a5 9. O-O Nb6 10. b3 a4 11. Bb2 Bd7 12. Re1 Nb4 13. Bb1 Bb5 14. Nf1 Nc6
15. Bd3 Bxd3 16. Qxd3 Be7 17. Bc3 O-O 18. Qd2 Qd7 19. Ne3 Rfe8 20. h4 Na7 21.
Bb4 Bxb4 22. Qxb4 Qb5 23. Qd2 axb3 24. axb3 Nc6 25. Rxa8 Rxa8 26. Ng4 Qxb3 27.
Qg5 Qc2 28. h5 Nc4 29. Nf6+ Kh8 30. Qh4 Qf5 31. Nd7 h6 32. Rc1 Ra3 33. Nc5 b6
34. Nd7 b5 35. Nb8 Nxb8 36. Qd8+ Kh7 37. Qxb8 Rb3 38. Ra1 Rb1+ 39. Rxb1 Qxb1+
40. Kh2 b4 41. Qb7 b3 42. Nh4 Qe4 43. Kg3 b2 44. Qxf7 b1=Q 0-1

[Event "Bundesliga 9596"]
[Site "Deutschland"]
[Date "1995.??.??"]
[Round "?.6"]
[White "Kern, Guido"]
[Black "Braun, Herbert"]
[Result "1-0"]
[WhiteElo "2365"]
[BlackElo "2150"]
[PlyCount "99"]
[EventDate "1995.10.??"]
[EventType "team"]
[EventRounds "15"]
[EventCountry "GER"]
[SourceTitle "Bundesliga 9596"]
[Source "DeepChess"]
[SourceDate "2005.01.01"]
[SourceVersion "1"]
[SourceVersionDate "2005.01.01"]
[SourceQuality "1"]
[WhiteTeam "PSV/BSV Wuppertal 1921 e.V."]
[BlackTeam "SC 1868 Bamberg e.V."]
[WhiteTeamCountry "GER"]
[BlackTeamCountry "GER"]

1. c4 g6 2. e4 Bg7 3. d4 d6 4. Nc3 Nf6 5. f3 O-O 6. Bg5 c6 7. Qd2 e5 8. d5 Qb6
9. Nge2 cxd5 10. cxd5 Nbd7 11. Be3 Qd8 12. g4 Ne8 13. Ng3 Nb6 14. Bd3 Bd7 15.
h4 Bf6 16. Qh2 Qe7 17. O-O-O Rc8 18. Kb1 Nc4 19. Bc1 b5 20. Rdg1 Na3+ 21. bxa3
Rxc3 22. Qd2 Rc7 23. g5 Bh8 24. h5 Bc8 25. Nf5 Bxf5 26. exf5 e4 27. fxe4 Rxc1+
28. Rxc1 Qe5 29. f6 Nxf6 30. gxf6 Bxf6 31. Rhf1 Bg7 32. h6 Qa1+ 33. Kc2 Qxa2+
34. Kd1 Qxd2+ 35. Kxd2 Bxh6+ 36. Ke2 Bxc1 37. Rxc1 Rb8 38. Rc6 Rb6 39. Ke3 h5
40. Rxb6 axb6 41. Bxb5 Kg7 42. Bd7 g5 43. Kd4 Kf6 44. a4 g4 45. Bc8 Ke7 46. Ke3
Kf6 47. Kf4 Kg6 48. Ba6 Kf6 49. Bd3 Ke7 50. Kg5 1-0

[Event "Bundesliga 9596"]
[Site "Deutschland"]
[Date "1995.??.??"]
[Round "?.7"]
[White "Rupp, Markus"]
[Black "Fischdick, Gisela"]
[Result "1-0"]
[WhiteElo "2315"]
[BlackElo "2290"]
[PlyCount "77"]
[EventDate "1995.10.??"]
[EventType "team"]
[EventRounds "15"]
[EventCountry "GER"]
[SourceTitle "Bundesliga 9596"]
[Source "DeepChess"]
[SourceDate "2005.01.01"]
[SourceVersion "1"]
[SourceVersionDate "2005.01.01"]
[SourceQuality "1"]
[WhiteTeam "SC 1868 Bamberg e.V."]
[BlackTeam "PSV/BSV Wuppertal 1921 e.V."]
[WhiteTeamCountry "GER"]
[BlackTeamCountry "GER"]

1. d4 d5 2. c4 c6 3. Nf3 Nf6 4. Nc3 a6 5. e3 b5 6. b3 Bg4 7. Be2 Nbd7 8. h3
Bxf3 9. Bxf3 e6 10. Qc2 Bb4 11. Bb2 O-O 12. a3 Bxc3+ 13. Bxc3 a5 14. O-O Qb6
15. Rfc1 Rfc8 16. Be1 Qb7 17. cxb5 cxb5 18. Qd3 a4 19. Be2 Rxc1 20. Rxc1 Rb8
21. Rb1 Qc7 22. bxa4 bxa4 23. Rxb8+ Qxb8 24. Bb4 Qc7 25. Qa6 Qc1+ 26. Kh2 h5
27. Qa8+ Kh7 28. Qxa4 h4 29. Qd1 Qc7+ 30. Kg1 g6 31. Bd3 Ne4 32. Qc2 Qb7 33.
Qe2 f5 34. Bxe4 dxe4 35. Qc4 Qb6 36. Qc8 Nf6 37. Qf8 Nd5 38. Bd6 Qb7 39. Be5
1-0

[Event "Bundesliga 9596"]
[Site "Deutschland"]
[Date "1995.??.??"]
[Round "?.8"]
[White "Florath, Patrick"]
[Black "Held, Markus"]
[Result "0-1"]
[WhiteElo "2275"]
[BlackElo "2210"]
[PlyCount "104"]
[EventDate "1995.10.??"]
[EventType "team"]
[EventRounds "15"]
[EventCountry "GER"]
[SourceTitle "Bundesliga 9596"]
[Source "DeepChess"]
[SourceDate "2005.01.01"]
[SourceVersion "1"]
[SourceVersionDate "2005.01.01"]
[SourceQuality "1"]
[WhiteTeam "PSV/BSV Wuppertal 1921 e.V."]
[BlackTeam "SC 1868 Bamberg e.V."]
[WhiteTeamCountry "GER"]
[BlackTeamCountry "GER"]

1. e4 e5 2. Nf3 Nc6 3. c3 Nf6 4. d4 Nxe4 5. d5 Ne7 6. Nxe5 Ng6 7. Qd4 Qe7 8.
Qxe4 Qxe5 9. Bd3 Bc5 10. O-O O-O 11. Nd2 d6 12. Qxe5 Nxe5 13. Bc2 Bd7 14. a4 a5
15. h3 Rfe8 16. Kh1 f6 17. f4 Ng6 18. Ne4 Bb6 19. Bd2 Re7 20. Ng3 Rae8 21. f5
Ne5 22. b3 Nf7 23. Rae1 Be3 24. Bxe3 Rxe3 25. Rxe3 Rxe3 26. Rf3 Re5 27. c4 c6
28. dxc6 Bxc6 29. Rf4 d5 30. cxd5 Rxd5 31. Be4 Rd4 32. Bxc6 Rxf4 33. Bxb7 Kf8
34. Bd5 Nd6 35. Be6 Nb7 36. Kg1 Rb4 37. Nf1 Nc5 38. Nd2 Nxe6 39. fxe6 Ke7 40.
Kf2 Kxe6 41. Ke3 f5 42. Kd3 g5 43. Kc3 Rf4 44. Nf3 h6 45. Kd3 g4 46. hxg4 fxg4
47. Nd4+ Kd5 48. Ne2 Rb4 49. Nc1 h5 50. g3 Ke5 51. Ke3 Kf5 52. Ke2 Kg5 0-1

[Event "Bundesliga 9596"]
[Site "Deutschland"]
[Date "1996.??.??"]
[Round "?.2"]
[White "Hausrath, Daniel"]
[Black "Gabriel, Christian"]
[Result "0-1"]
[WhiteElo "2390"]
[BlackElo "2510"]
[PlyCount "122"]
[EventDate "1995.10.??"]
[EventType "team"]
[EventRounds "15"]
[EventCountry "GER"]
[SourceTitle "Bundesliga 9596"]
[Source "DeepChess"]
[SourceDate "2005.01.01"]
[SourceVersion "1"]
[SourceVersionDate "2005.01.01"]
[SourceQuality "1"]
[WhiteTeam "PSV/BSV Wuppertal 1921 e.V."]
[BlackTeam "SG 1868 Aljech. Solingen"]
[WhiteTeamCountry "GER"]
[BlackTeamCountry "GER"]

1. Nf3 Nf6 2. g3 g6 3. b3 Bg7 4. Bb2 O-O 5. Bg2 c5 6. c4 Nc6 7. O-O d6 8. Nc3
e5 9. h3 Rb8 10. d3 a6 11. Ne1 Be6 12. Nc2 d5 13. cxd5 Nxd5 14. Nxd5 Bxd5 15.
Bxd5 Qxd5 16. Rc1 b6 17. Ne3 Qe6 18. Kh2 f5 19. Qc2 Nb4 20. Qc4 Qxc4 21. Nxc4
Nxa2 22. Ra1 Nb4 23. Bxe5 Rbe8 24. Bxg7 Kxg7 25. Nxb6 Rxe2 26. Nd7 Rc8 27. Rae1
Rxe1 28. Rxe1 Rc7 29. Ne5 Re7 30. f4 Nc6 31. Kg2 Kf6 32. Ra1 Nxe5 33. Rxa6+ Re6
34. fxe5+ Kxe5 35. Ra4 Rb6 36. Ra7 Rxb3 37. Rd7 h6 38. Kf2 g5 39. Ke2 Rb2+ 40.
Ke3 Rh2 41. h4 Rh3 42. hxg5 hxg5 43. Kf2 Rh2+ 44. Ke3 Rc2 45. Re7+ Kf6 46. Re8
Rc1 47. Rc8 Kg6 48. Kf3 Rc3 49. Ke2 Kh5 50. Kd2 Ra3 51. Rxc5 Kg4 52. Ke3 Ra2
53. d4 Ra3+ 54. Ke2 Rxg3 55. d5 Kf4 56. d6 Re3+ 57. Kd2 Re8 58. Kd3 Rd8 59. Rd5
Rd7 60. Kd4 g4 61. Kd3 Kg3 0-1

[Event "Bundesliga 9596"]
[Site "Deutschland"]
[Date "1996.??.??"]
[Round "?.3"]
[White "Bischoff, Klaus"]
[Black "Kinsman, Andrew PH"]
[Result "1/2-1/2"]
[WhiteElo "2520"]
[BlackElo "2365"]
[PlyCount "71"]
[EventDate "1995.10.??"]
[EventType "team"]
[EventRounds "15"]
[EventCountry "GER"]
[SourceTitle "Bundesliga 9596"]
[Source "DeepChess"]
[SourceDate "2005.01.01"]
[SourceVersion "1"]
[SourceVersionDate "2005.01.01"]
[SourceQuality "1"]
[WhiteTeam "SG 1868 Aljech. Solingen"]
[BlackTeam "PSV/BSV Wuppertal 1921 e.V."]
[WhiteTeamCountry "GER"]
[BlackTeamCountry "GER"]

1. Nf3 Nf6 2. c4 e6 3. d4 c5 4. e3 d5 5. cxd5 exd5 6. Bb5+ Bd7 7. Be2 Nc6 8.
O-O Bd6 9. Nc3 Be6 10. Nb5 Be7 11. dxc5 Bxc5 12. b3 O-O 13. Bb2 Qe7 14. Nbd4
Rac8 15. Nxc6 bxc6 16. Rc1 Ba3 17. Qd4 Bxb2 18. Qxb2 c5 19. Qe5 Qb7 20. Rc2 Qb6
21. Rfc1 Rfe8 22. Qf4 Bg4 23. Bd3 Bxf3 24. Qxf3 g6 25. g3 Kg7 26. Qd1 h5 27.
Be2 h4 28. Bf3 hxg3 29. hxg3 Red8 30. Rd2 Qe6 31. Rc3 Ne4 32. Bxe4 Qxe4 33. Qc2
Qf3 34. Qd1 Qe4 35. Qc2 Qf3 36. Qd1 1/2-1/2

[Event "Bundesliga 9596"]
[Site "Deutschland"]
[Date "1996.??.??"]
[Round "?.4"]
[White "Dresen, Ulrich"]
[Black "Lau, Ralf"]
[Result "0-1"]
[WhiteElo "2260"]
[BlackElo "2495"]
[PlyCount "48"]
[EventDate "1995.10.??"]
[EventType "team"]
[EventRounds "15"]
[EventCountry "GER"]
[SourceTitle "Bundesliga 9596"]
[Source "DeepChess"]
[SourceDate "2005.01.01"]
[SourceVersion "1"]
[SourceVersionDate "2005.01.01"]
[SourceQuality "1"]
[WhiteTeam "PSV/BSV Wuppertal 1921 e.V."]
[BlackTeam "SG 1868 Aljech. Solingen"]
[WhiteTeamCountry "GER"]
[BlackTeamCountry "GER"]

1. d4 e6 2. Nf3 d5 3. Bf4 c5 4. c3 Nc6 5. e3 Bd6 6. Bg3 f5 7. Nbd2 Nge7 8. Be2
O-O 9. O-O f4 10. exf4 cxd4 11. cxd4 Bxf4 12. Bxf4 Rxf4 13. Nb3 Qd6 14. g3 Rf6
15. Re1 Bd7 16. Bf1 Raf8 17. Bg2 Be8 18. Qd3 Bg6 19. Qc3 Nb4 20. Re2 Rc8 21.
Nc5 Nd3 22. Nxb7 Qa6 23. Qb3 Nc1 24. Rxc1 Rxc1+ 0-1

[Event "Bundesliga 9596"]
[Site "Deutschland"]
[Date "1996.??.??"]
[Round "?.5"]
[White "Schaefer, Markus"]
[Black "Fischdick, Gisela"]
[Result "1/2-1/2"]
[WhiteElo "2455"]
[BlackElo "2300"]
[PlyCount "51"]
[EventDate "1995.10.??"]
[EventType "team"]
[EventRounds "15"]
[EventCountry "GER"]
[SourceTitle "Bundesliga 9596"]
[Source "DeepChess"]
[SourceDate "2005.01.01"]
[SourceVersion "1"]
[SourceVersionDate "2005.01.01"]
[SourceQuality "1"]
[WhiteTeam "SG 1868 Aljech. Solingen"]
[BlackTeam "PSV/BSV Wuppertal 1921 e.V."]
[WhiteTeamCountry "GER"]
[BlackTeamCountry "GER"]

1. e4 d5 2. exd5 Qxd5 3. Nc3 Qa5 4. d4 Nf6 5. Nf3 Bf5 6. Bd2 c6 7. Bc4 e6 8.
Ne4 Qc7 9. Ng3 Bg6 10. h4 Bd6 11. h5 Be4 12. Nxe4 Nxe4 13. Be3 Nd7 14. Rh4 Nef6
15. Qe2 O-O-O 16. O-O-O Nb6 17. Bb3 Nbd5 18. Bd2 Nf4 19. Bxf4 Bxf4+ 20. Kb1 h6
21. Rhh1 Qa5 22. c3 Bd6 23. Nd2 Bc7 24. Nc4 Qg5 25. g3 Rhe8 26. Qe3 1/2-1/2

[Event "Bundesliga 9596"]
[Site "Deutschland"]
[Date "1996.??.??"]
[Round "?.6"]
[White "Sukharisingh, Ralf"]
[Black "Reeh, Oliver"]
[Result "1-0"]
[WhiteElo "2305"]
[BlackElo "2450"]
[PlyCount "139"]
[EventDate "1995.10.??"]
[EventType "team"]
[EventRounds "15"]
[EventCountry "GER"]
[SourceTitle "Bundesliga 9596"]
[Source "DeepChess"]
[SourceDate "2005.01.01"]
[SourceVersion "1"]
[SourceVersionDate "2005.01.01"]
[SourceQuality "1"]
[WhiteTeam "PSV/BSV Wuppertal 1921 e.V."]
[BlackTeam "SG 1868 Aljech. Solingen"]
[WhiteTeamCountry "GER"]
[BlackTeamCountry "GER"]

1. d4 Nf6 2. Nf3 g6 3. c4 Bg7 4. Nc3 O-O 5. e4 d6 6. Be2 Bg4 7. Be3 Bxf3 8.
Bxf3 Nc6 9. d5 Ne5 10. Be2 c6 11. f4 Ned7 12. O-O Qa5 13. a3 Rfc8 14. Bf3 cxd5
15. cxd5 Qd8 16. Rc1 Nb6 17. Rf2 Nfd7 18. Rfc2 Nc4 19. Bd4 Bxd4+ 20. Qxd4 Na5
21. Ne2 Nb3 22. Rxc8 Rxc8 23. Rxc8 Qxc8 24. Qc3 Qxc3 25. Nxc3 Ndc5 26. Bd1 Nd2
27. Bc2 Nc4 28. Nd1 Nd2 29. Nc3 Nc4 30. Nd1 Kg7 31. Kf2 Kf6 32. Ke2 e5 33. dxe6
fxe6 34. Bd3 Nb6 35. Nc3 a6 36. Ke3 e5 37. g3 Ne6 38. Be2 Nd4 39. Bd3 Ke6 40.
Bf1 Kf6 41. Bd3 Ne6 42. b4 Nc7 43. Be2 d5 44. fxe5+ Kxe5 45. exd5 Nbxd5+ 46.
Nxd5 Nxd5+ 47. Kd3 b6 48. Bf3 Nc7 49. Bb7 Kd6 50. Kc4 a5 51. bxa5 bxa5 52. a4
g5 53. Bf3 h6 54. g4 Ne6 55. Bh1 Nc5 56. Kb5 Nb3 57. Bg2 Ke5 58. Bb7 Kf4 59.
Bc8 Ke5 60. Bb7 Kd4 61. Bf3 Nd2 62. Be2 Ne4 63. Kxa5 Nc3 64. Bb5 Ke3 65. Kb4
Nxa4 66. Bxa4 Kf3 67. Bd1+ Kg2 68. Kc5 Kxh2 69. Kd4 Kg3 70. Ke5 1-0